| 000 | 00931nam a2200181Ia 4500 | ||
|---|---|---|---|
| 008 | 090124s9999 xx 000 0 und d | ||
| 082 |
_b21095 _a1269 |
||
| 100 | _aबेलसरे के. वि. | ||
| 245 | _a महर्षि याज्ञवल्क्य व मैत्रेयी यांचा ब्रह्मज्ञान विषयावर संवाद | ||
| 250 | _a1 | ||
| 260 | _c1975 | ||
| 300 | _a94 | ||
| 600 | _aबेलसरे के. वि. | ||
| 630 | _a महर्षि याज्ञवल्क्य व मैत्रेयी यांचा ब्रह्मज्ञान विषयावर संवाद | ||
| 700 | _aबेलसरे के. वि. | ||
| 730 | _a महर्षि याज्ञवल्क्य व मैत्रेयी यांचा ब्रह्मज्ञान विषयावर संवाद | ||
| 942 | _cBOOK | ||
| 999 |
_c134883 _d134883 |
||